| 000 | 02269cam a2200337 i 4500 | ||
|---|---|---|---|
| 003 | SA-RiAUC | ||
| 005 | 20250415062648.0 | ||
| 008 | 250414s1987 sj g b 00000 ara c | ||
| 024 | 0 | _a00000000970142 | |
| 040 |
_aKW-ShULA _bara _cSA-RiAUC _dAE-DuMBRL _erda |
||
| 050 | 4 | _bA23 1987 | |
| 082 | 0 | 4 |
_a253.26 _qSA-RiAUC |
| 090 |
_a253.26 _b ع ب د ل |
||
| 100 | 1 |
_aعبد الله، أحمد علي _eمؤلف. |
|
| 245 | 1 | 2 |
_aالمرابحة : _bأصولها وأحكامها وتطبيقاتها في المصارف الإسلامية / _cالدكتور أحمد علي عبد الله. |
| 250 | _aالطبعة الأولى. | ||
| 264 | 1 |
_aالخرطوم : _bالدار السودانية للكتب، _c1987. |
|
| 300 |
_a287 صفحة ؛ _c24 × 17 سم |
||
| 336 |
_aنص _btxt _2rdacontent _3كتاب |
||
| 337 |
_aبدون وسيط _bn _2rdamedia |
||
| 338 |
_aمجلد _bnc _2rdacarrier |
||
| 504 | _aيشتمل على إرجاعات ببليوجرافية. | ||
| 505 | 0 | _aالمحتويات:-المقدمة-القسم الأول: بيع المرابحة وتطبيقاته-الباب الأول: بيع المرابحة، الفصل الأول: تعريف المرابحة ومشروعيته، الفصل الثاني: شروط صحة بيع المرابحة وحكم مخالفة الشروط-الباب الثاني: تطبيق بيع المرابحة-القسم الثاني: بيع المرابحة للآمر بالشراء وتطبيقاته-الباب الأول: البيع المؤجل والفائدة الربوية، الفصل الأول: البيع المؤجل أو البيع بالتقسيط-الباب الثاني: بيع المرابحة للآمر بالشراء من حيث النظرية-الباب الثالث: تطبيقات بيع المرابحة للآمر بالشراء، ... وموضوعات أخرى. | |
| 590 | _a15 / 1 / 2003. | ||
| 650 | 7 |
_aالمرابحة (فقه إسلامي) _2aucsh |
|
| 650 | 7 |
_aالمعاملات (فقه إسلامي) _2aucsh |
|
| 650 | 7 |
_aالبنوك الإسلامية _2aucsh |
|
| 942 |
_2ddc _cBOOK _n0 |
||
| 949 |
_aSA-JeALM _d250414 _umohamedma123 _n1 |
||
| 999 |
_c7040 _d7040 |
||